UBT Library

The essence of Friedman / (Record no. 41535)

000 -LEADER
fixed length control field 00682pam a2200229 a 4500
001 - CONTROL NUMBER
control field 4312108
005 - DATE AND TIME OF LATEST TRANSACTION
control field 20180201073112.0
008 - FIXED-LENGTH DATA ELEMENTS--GENERAL INFORMATION
fixed length control field 870326s1987 cauaf b 001 0 eng
010 ## - LIBRARY OF CONGRESS CONTROL NUMBER
LC control number 87004003
020 ## - INTERNATIONAL STANDARD BOOK NUMBER
International Standard Book Number 0817986618
020 ## - INTERNATIONAL STANDARD BOOK NUMBER
International Standard Book Number 0817986626 (pbk.)
040 ## - CATALOGING SOURCE
Original cataloging agency DLC
Transcribing agency DLC
Modifying agency DLC
041 ## - LANGUAGE CODE
Language code of text/sound track or separate title eng
080 ## - UNIVERSAL DECIMAL CLASSIFICATION NUMBER
Universal Decimal Classification number 330.1 mil
082 00 - DEWEY DECIMAL CLASSIFICATION NUMBER
Classification number 330.1 mil
Edition number 19
100 1# - Rafti
Rafti 52
101 ## - Shkurtesa
Shkurtesa eco
245 14 - TITLE STATEMENT
Title The essence of Friedman /
Statement of responsibility, etc edited by Kurt R. Leube ; foreword by W. Glenn Campbell ; introduction by Anna J. Schwartz.
504 ## - BIBLIOGRAPHY, ETC. NOTE
Bibliography, etc "Complete bibliography of Milton Friedman": p. [527]-551.
906 ## - LOCAL DATA ELEMENT F, LDF (RLIN)
a 7
b cbc
c orignew
d 1
e ocip
f 19
g y-gencatlg
942 ## - ADDED ENTRY ELEMENTS (KOHA)
Source of classification or shelving scheme
Item type Books
Holdings
Withdrawn status Lost status Source of classification or shelving scheme Damaged status Not for loan Collection code Permanent location Current location Shelving location Date acquired Total Checkouts Full call number Barcode Date last seen Price effective from Koha item type
          Koleksioni i përgjithshem UBT - Lipjan UBT - Lipjan Koleksioni i përgjithshem 02/01/2018   330.1 mil 002-2997636 02/01/2018 02/01/2018 Books
UBT Library © 2015-2024. All rights reserved University Education for Business and Technology